[Event "Hoorn Oscar Romero op"]
[Site "Hoorn"]
[Date "2022.08.27"]
[Round "3"]
[White "Manshanden, Nick"]
[Black "Sprangers, Remco"]
[Result "1-0"]
[WhiteElo "2065"]
[BlackElo "2210"]
[PlyCount "89"]
[EventDate "2022.08.26"]
[EventType "swiss"]
[EventRounds "6"]
[EventCountry "NED"]
[SourceTitle "EXT 2023"]
[Source "ChessBase"]
[SourceDate "2022.10.05"]
[SourceVersion "1"]
[SourceVersionDate "2022.10.05"]
[SourceQuality "1"]

1. d4 Nf6 2. c4 c5 3. d5 e6 4. Nc3 exd5 5. cxd5 d6 6. Nf3 g6 7. Nd2 Nbd7 8. e4 Bg7 9. Be2 0-0 10. 0-0 Ne5 11. h3 g5 12. Nf3 Nxf3+ 13. Bxf3 Nd7 14. Ne2 Ne5 15. Ng3 Kh8 16. Be2 f5 17. exf5 Bxf5 18. Nxf5 Rxf5 19. Qc2 Qf6 20. Be3 Ng6 21. Bd3 Rxd5 22. Be4 Re5 23. Bxb7 Rb8 24. Be4 Re6 25. Rab1 Rxb2 26. Bxg5 Qxg5 27. Rxb2 Bxb2 28. Qxb2+ Qe5 29. Qxe5+ Rxe5 30. Bxg6 hxg6 31. Rd1 Re6 32. f4 Kg7 33. Kf2 Kf6 34. Kf3 Ke7 35. g4 Kd7 36. h4 Kc6 37. f5 gxf5 38. g5 Re4 39. h5 Rh4 40. h6 Kd7 41. Rg1 Ke7 42. g6 Kf8 43. g7+ Kg8 44. Rg6 Rg4 45. h7+ 1-0

[Event "Titled Tuesday intern op1 3rd March  "]
[Site "Chess.com INT"]
[Date "2020.03.03"]
[Round "1"]
[White "Shahinyan, David"]
[Black "Sprangers, Remco"]
[Result "1-0"]
[WhiteElo "2456"]
[BlackElo "2203"]
[PlyCount "109"]
[EventDate "2020.03.03"]
[EventType "swiss (blitz)"]
[EventRounds "10"]
[EventCountry "USA"]
[SourceTitle "EXT 2021"]
[Source "ChessBase"]
[SourceDate "2020.10.23"]
[SourceVersion "1"]
[SourceVersionDate "2020.10.23"]
[SourceQuality "1"]

1. e4 c5 2. Nc3 a6 3. g3 e6 4. Bg2 b5 5. d3 Bb7 6. Nh3 b4 7. Ne2 d5 8. 0-0 dxe4 9. dxe4 Nc6 10. a3 a5 11. Be3 Nf6 12. Nhf4 Ne5 13. Qxd8+ Rxd8 14. axb4 axb4 15. f3 Nc4 16. Bc1 Bd6 17. Nd3 e5 18. Ra7 Rd7 19. b3 Nb6 20. Be3 Rc7 21. Nxb4 cxb4 22. Bxb6 Rc6 23. Bf2 Ba6 24. Ra1 Bxe2 25. Ra8+ Ke7 26. Rxh8 Rxc2 27. Ra7+ Nd7 28. Be3 Rc7 29. Rha8 Bd1 30. Rxc7 Bxc7 31. Ra7 Kd8 32. Rb7 Bxb3 33. Rxb4 Be6 34. Kf2 Bd6 35. Rb1 Nc5 36. Bf1 Kc7 37. Rc1 Kb6 38. Bc4 Bxc4 39. Rxc4 Kb5 40. Rc2 g6 41. h4 f5 42. exf5 gxf5 43. Rd2 Kc6 44. g4 f4 45. Bxc5 Bxc5+ 46. Ke2 Bd4 47. Rxd4 exd4 48. Kd3 Kd5 49. h5 h6 50. g5 hxg5 51. h6 g4 52. fxg4 f3 53. h7 f2 54. Ke2 d3+ 55. Kxf2 1-0

[Event "Eindhoven WLC op 10th"]
[Site "Eindhoven"]
[Date "2019.05.26"]
[Round "6"]
[White "Sreyas, Payyappat"]
[Black "Sprangers, Remco"]
[Result "0-1"]
[WhiteElo "1727"]
[BlackElo "2230"]
[PlyCount "144"]
[EventDate "2019.05.24"]
[EventType "swiss"]
[EventRounds "6"]
[EventCountry "NED"]
[SourceTitle "CBM 190 Extra"]
[Source "ChessBase"]
[SourceDate "2019.07.15"]
[SourceVersion "1"]
[SourceVersionDate "2019.07.15"]
[SourceQuality "1"]

1. e4 c5 2. Nf3 d6 3. d4 cxd4 4. Nxd4 Nf6 5. Nc3 a6 6. f4 e5 7. Nf3 Nbd7 8. Bd3 Be7 9. 0-0 exf4 10. Kh1 Nc5 11. Bxf4 0-0 12. Qd2 b5 13. Nd4 Bb7 14. Nf5 Nxd3 15. Qxd3 Re8 16. Bxd6 Bxd6 17. Nxd6 Re7 18. Nxb7 Rxb7 19. e5 b4 20. exf6 Qxd3 21. cxd3 bxc3 22. bxc3 Rb2 23. fxg7 Re8 24. Rae1 Rxe1 25. Rxe1 Rxa2 26. g3 a5 27. d4 Kxg7 28. c4 a4 29. c5 Rc2 30. Ra1 Rc4 31. c6 Rxd4 32. c7 Rc4 33. Rxa4 Rxc7 34. Ra2 Rc3 35. Kg2 Kg6 36. h4 f5 37. Ra4 Kf6 38. Kh3 h5 39. Ra6+ Ke5 40. Rh6 f4 41. Rxh5+ Ke4 42. Rg5 f3 43. Rg4+ Ke3 44. Rf4 Rc1 45. Rf8 f2 46. Re8+ Kd4 47. Rf8 f1Q+ 48. Rxf1 Rxf1 49. Kg4 Ke5 50. Kg5 Ke6 51. g4 Kf7 52. Kh6 Rf6+ 53. Kh5 Kg7 54. Kg5 Rb6 55. Kf5 Rb5+ 56. Ke4 Kf6 57. Kf4 Rb4+ 58. Kg3 Rb3+ 59. Kf4 Rh3 60. h5 Rh4 61. Kg3 Kg5 62. Kf3 Rh3+ 63. Kg2 Rb3 64. Kf2 Kxg4 65. h6 Rh3 66. Kg2 Rxh6 67. Kf2 Re6 68. Kg2 Re2+ 69. Kf1 Kf3 70. Kg1 Rb2 71. Kh1 Kg3 72. Kg1 Rb1# 0-1

[Event "Roosendaal op"]
[Site "Roosendaal"]
[Date "2011.08.21"]
[Round "6"]
[White "Tolhuizen, Ludo"]
[Black "Sprangers, Remco"]
[Result "0-1"]
[WhiteElo "2180"]
[BlackElo "2204"]
[PlyCount "116"]
[EventDate "2011.08.19"]
[EventType "swiss"]
[EventRounds "6"]
[EventCountry "NED"]
[SourceTitle "CBM 143 Extra"]
[Source "ChessBase"]
[SourceDate "2011.08.29"]
[SourceVersion "1"]
[SourceVersionDate "2011.08.29"]
[SourceQuality "1"]

1. d4 d5 2. c4 dxc4 3. e3 e5 4. Bxc4 exd4 5. exd4 Bd6 6. Nf3 Nf6 7. 0-0 0-0 8. h3 h6 9. Nc3 Bf5 10. Nb5 Nc6 11. Be3 Qd7 12. a3 Rae8 13. Nxd6 Qxd6 14. b4 Nd5 15. Bd2 Nb6 16. Bb5 Re6 17. Be3 Be4 18. Rc1 Rd8 19. Re1 Ne7 20. Bd3 Ng6 21. Bxe4 Rxe4 22. Qc2 Re7 23. Ne5 Nd5 24. Nxg6 Qxg6 25. Qxg6 fxg6 26. b5 Re6 27. Rc5 Rd7 28. a4 a6 29. Kf1 Kf7 30. Bd2 axb5 31. axb5 b6 32. Rcc1 Rde7 33. Rxe6 Rxe6 34. f3 Ke7 35. Kf2 Kd7 36. Ra1 Rd6 37. Ra7 g5 38. Ra4 Nf6 39. Ke2 Rd5 40. Rb4 Ne8 41. f4 Nd6 42. fxg5 hxg5 43. Kd3 Nxb5 44. Ke4 Ke6 45. Be3 Nd6+ 46. Kf3 Rb5 47. Rxb5 Nxb5 48. Kg4 Nd6 49. Kxg5 b5 50. Kg6 Nf5 51. Bd2 Nh4+ 52. Kxg7 Nxg2 53. Bb4 Kd5 54. Bc5 Nh4 55. Kf6 Nf3 56. Ke7 Nxd4 57. Bxd4 Kxd4 58. h4 Ke5 0-1

[Event "Roosendaal op"]
[Site "Roosendaal"]
[Date "2010.08.28"]
[Round "4"]
[White "Broekmeulen, Jasper"]
[Black "Sprangers, Remco"]
[Result "1-0"]
[WhiteElo "2371"]
[BlackElo "2260"]
[PlyCount "93"]
[EventDate "2010.08.27"]
[EventType "swiss"]
[EventRounds "6"]
[EventCountry "NED"]
[SourceTitle "CBM 138 Extra"]
[Source "ChessBase"]
[SourceDate "2010.10.29"]
[SourceVersion "1"]
[SourceVersionDate "2010.10.29"]
[SourceQuality "1"]

1. e4 c5 2. Nf3 d6 3. d4 cxd4 4. Nxd4 Nf6 5. Nc3 a6 6. f4 Nbd7 7. Qf3 Qc7 8. g4 e5 9. Nf5 g6 10. Ne3 b5 11. fxe5 dxe5 12. Ncd5 Qd8 13. a4 Nxd5 14. Nxd5 Bb7 15. c3 Bxd5 16. exd5 bxa4 17. Rxa4 Bd6 18. Rxa6 Rxa6 19. Bxa6 0-0 20. Bd3 Qh4+ 21. Kd1 Nc5 22. Bc2 f5 23. Qg3 Qe7 24. gxf5 e4 25. Qg5 Qxg5 26. Bxg5 Rxf5 27. Be3 Rxd5+ 28. Ke2 Rf5 29. b4 Ne6 30. Bxe4 Rh5 31. h3 Kf7 32. Bf3 Re5 33. Kd3 Be7 34. Rf1 Ke8 35. Bc6+ Kd8 36. Bb6+ Nc7 37. Bd4 Rh5 38. Rf3 Ne6 39. Bb6+ Kc8 40. Re3 Rxh3 41. Rxh3 Nf4+ 42. Ke4 Nxh3 43. b5 Bf6 44. Ba7 Ng5+ 45. Kd5 Bxc3 46. b6 Be5 47. b7+ 1-0

[Event "Dieren op"]
[Site "Dieren"]
[Date "2010.07.27"]
[Round "1"]
[White "Blom, Vincent"]
[Black "Sprangers, Remco"]
[Result "1-0"]
[WhiteElo "2089"]
[BlackElo "2260"]
[PlyCount "79"]
[EventDate "2010.07.27"]
[EventType "swiss"]
[EventRounds "9"]
[EventCountry "NED"]
[SourceTitle "CBM 137 Extra"]
[Source "ChessBase"]
[SourceDate "2010.09.01"]
[SourceVersion "1"]
[SourceVersionDate "2010.09.01"]
[SourceQuality "1"]

1. Nf3 Nc6 2. d4 d5 3. Bf4 Nf6 4. h3 g6 5. e3 Bg7 6. Be2 0-0 7. 0-0 Ne4 8. Nbd2 Nxd2 9. Qxd2 e6 10. Rfd1 Ne7 11. b4 b6 12. Rac1 Bb7 13. Bh2 Rc8 14. a4 Nf5 15. c4 Nd6 16. c5 Ne4 17. Qa2 c6 18. a5 b5 19. a6 Ba8 20. Nd2 f5 21. Nxe4 fxe4 22. Bg4 Qd7 23. Rf1 h5 24. Bd1 e5 25. dxe5 Rce8 26. f4 exf3 27. Rxf3 Bxe5 28. Rxf8+ Kxf8 29. Qf2+ Kg8 30. Bxe5 Rxe5 31. Bc2 Kg7 32. Rf1 Qe7 33. Qg3 Qe6 34. Bxg6 h4 35. Qxh4 Qxg6 36. Qf4 Re8 37. Rf3 Qb1+ 38. Kh2 Rg8 39. Rg3+ Kh8 40. Qf6+ 1-0

[Event "Maastricht Limburg op-A 4th"]
[Site "Maastricht"]
[Date "2010.05.21"]
[Round "1"]
[White "Vrancken, Gilbert"]
[Black "Sprangers, Remco"]
[Result "1-0"]
[WhiteElo "2165"]
[BlackElo "2287"]
[PlyCount "73"]
[EventDate "2010.05.21"]
[EventType "swiss"]
[EventRounds "7"]
[EventCountry "NED"]
[SourceTitle "CBM 136 Extra"]
[Source "ChessBase"]
[SourceDate "2010.07.02"]
[SourceVersion "2"]
[SourceVersionDate "2010.07.15"]
[SourceQuality "1"]

1. d4 Nf6 2. c4 e6 3. g3 d5 4. Bg2 dxc4 5. Nf3 a6 6. 0-0 Nc6 7. Na3 Bxa3 8. bxa3 0-0 9. Bb2 Rb8 10. Qc2 b5 11. e4 Bb7 12. Rad1 Ne7 13. Rfe1 Ng6 14. h4 h6 15. d5 exd5 16. e5 Ne8 17. e6 f5 18. h5 Ne7 19. Ne5 c5 20. Nd7 d4 21. Bxb7 Rxb7 22. Nxc5 d3 23. Nxb7 Qb6 24. Qd2 f4 25. Na5 fxg3 26. Rf1 Rf5 27. Rde1 Nd5 28. Re4 gxf2+ 29. Rxf2 c3 30. Bxc3 Nxc3 31. Qe3 Rg5+ 32. Kf1 Qxa5 33. Ref4 Nd5 34. Rf8+ Kh7 35. Qxd3+ g6 36. hxg6+ Rxg6 37. Rh8+ 1-0

[Event "NED-chT 0910"]
[Site "Netherlands"]
[Date "2010.04.18"]
[Round "9.3"]
[White "Sprangers, Remco"]
[Black "Chuchelov, Vladimir"]
[Result "1/2-1/2"]
[WhiteElo "2225"]
[BlackElo "2597"]
[PlyCount "49"]
[EventDate "2009.09.26"]
[EventType "team"]
[EventRounds "9"]
[EventCountry "NED"]
[SourceTitle "EXT 2011"]
[Source "ChessBase"]
[SourceDate "2010.11.26"]
[SourceVersion "1"]
[SourceVersionDate "2010.11.26"]
[SourceQuality "1"]
[WhiteTeam "Calder HMC"]
[BlackTeam "Hilversum HSG"]
[WhiteTeamCountry "NED"]
[BlackTeamCountry "NED"]

1. e4 c5 2. c3 d5 3. exd5 Qxd5 4. d4 Nf6 5. Nf3 e6 6. Na3 Qd8 7. Nc2 Be7 8. Bd3 0-0 9. 0-0 b6 10. Qe2 Bb7 11. Bf4 Nc6 12. dxc5 Bxc5 13. Rad1 Qc8 14. Bg5 Be7 15. Ne3 h6 16. Bxf6 Bxf6 17. Ng4 Be7 18. Rfe1 Rd8 19. Qe3 Bf8 20. Qf4 Qb8 21. Qe4 g6 22. Qe3 Ne7 23. Nxh6+ Bxh6 24. Qxh6 Bxf3 25. gxf3 1/2-1/2

[Event "NED-chT 0910"]
[Site "Netherlands"]
[Date "2009.09.26"]
[Round "1.7"]
[White "Schut, Lisa"]
[Black "Sprangers, Remco"]
[Result "0-1"]
[WhiteElo "2234"]
[BlackElo "2257"]
[PlyCount "52"]
[EventDate "2009.09.26"]
[EventType "team"]
[EventRounds "9"]
[EventCountry "NED"]
[SourceTitle "EXT 2010"]
[Source "ChessBase"]
[SourceDate "2010.11.25"]
[SourceVersion "1"]
[SourceVersionDate "2010.11.25"]
[SourceQuality "1"]
[WhiteTeam "Sas van Gent"]
[BlackTeam "Calder HMC"]
[WhiteTeamCountry "NED"]
[BlackTeamCountry "NED"]

1. e4 c5 2. Nf3 d6 3. d4 cxd4 4. Nxd4 Nf6 5. Nc3 a6 6. Bg5 e6 7. f4 Qb6 8. Bxf6 gxf6 9. Nb3 Qe3+ 10. Qe2 Qxf4 11. g3 Qe5 12. 0-0-0 Bd7 13. Qf2 b5 14. Kb1 Nc6 15. Bg2 Be7 16. Nd5 Bd8 17. Rhf1 exd5 18. exd5 Ne7 19. Rde1 Qg5 20. h4 Qh6 21. Qd4 0-0 22. Rxf6 Qg7 23. Rxd6 Qxg3 24. Rxd7 Qxe1+ 25. Nc1 Ng6 26. h5 Bg5 0-1

[Event "NBSB-chA"]
[Site "Roosendaal"]
[Date "2009.08.30"]
[Round "6"]
[White "Schuermans, Robert"]
[Black "Sprangers, Remco"]
[Result "1-0"]
[WhiteElo "2118"]
[BlackElo "2257"]
[PlyCount "87"]
[EventDate "2009.08.28"]
[EventType "swiss (rapid)"]
[EventRounds "6"]
[EventCountry "NED"]
[SourceTitle "CBM 132 Extra"]
[Source "ChessBase"]
[SourceDate "2009.11.03"]
[SourceVersion "1"]
[SourceVersionDate "2009.11.03"]
[SourceQuality "1"]

1. e4 c5 2. Nf3 d6 3. d4 cxd4 4. Nxd4 Nf6 5. Nc3 a6 6. Bg5 e6 7. f4 Be7 8. Qf3 Qc7 9. 0-0-0 Nbd7 10. g4 b5 11. Bxf6 Nxf6 12. g5 Nd7 13. f5 Nc5 14. f6 gxf6 15. gxf6 Bf8 16. Rg1 h5 17. Re1 Qa5 18. Kb1 b4 19. Nd1 Bb7 20. Nb3 Qb6 21. Rg5 Nd7 22. Ne3 Ne5 23. Qh3 Rh6 24. Nc4 Qf2 25. Rd1 Bxe4 26. Nbd2 Bc6 27. Nxe5 dxe5 28. Rxe5 Rd8 29. Rxe6+ Be7 30. Rxe7+ Kf8 31. Bd3 Qxf6 32. Rc7 Be8 33. Rc8 a5 34. Ne4 Qe7 35. Rxd8 Qxd8 36. Qe3 Rc6 37. Rg1 Qc7 38. Ng5 f5 39. Ne6+ Rxe6 40. Qxe6 Bf7 41. Qxf5 Ke7 42. Rg7 Qxh2 43. Rxf7+ Kd6 44. Rd7+ 1-0

[Event "NBSB-chA"]
[Site "Roosendaal"]
[Date "2009.08.28"]
[Round "1"]
[White "Sprangers, Remco"]
[Black "Hemmers, Carlos"]
[Result "1-0"]
[WhiteElo "2257"]
[BlackElo "1955"]
[PlyCount "49"]
[EventDate "2009.08.28"]
[EventType "swiss (rapid)"]
[EventRounds "6"]
[EventCountry "NED"]
[SourceTitle "CBM 132 Extra"]
[Source "ChessBase"]
[SourceDate "2009.11.03"]
[SourceVersion "1"]
[SourceVersionDate "2009.11.03"]
[SourceQuality "1"]

1. e4 e6 2. d4 d5 3. Nc3 Bb4 4. e5 c5 5. a3 Bxc3+ 6. bxc3 Ne7 7. Qg4 0-0 8. Bd3 Nbc6 9. Qh5 Ng6 10. Nf3 Qc7 11. Be3 c4 12. Bxg6 fxg6 13. Qg4 Bd7 14. h4 Rf5 15. h5 gxh5 16. Rxh5 Rxh5 17. Qxh5 Be8 18. Qh3 Nd8 19. Bg5 Qb6 20. Bxd8 Qb2 21. Ng5 Qxa1+ 22. Kd2 Bg6 23. Qxe6+ Kh8 24. Qe7 Kg8 25. Ne6 1-0

[Event "Vlissingen HZ op 12th"]
[Site "Vlissingen"]
[Date "2008.08.07"]
[Round "7"]
[White "Sandipan, Chanda"]
[Black "Sprangers, Remco"]
[Result "1-0"]
[WhiteElo "2588"]
[BlackElo "2217"]
[PlyCount "37"]
[EventDate "2008.08.02"]
[EventType "swiss"]
[EventRounds "9"]
[EventCountry "NED"]
[SourceTitle "CBM 125 Extra"]
[Source "ChessBase"]
[SourceDate "2008.09.01"]
[SourceVersion "1"]
[SourceVersionDate "2008.09.01"]
[SourceQuality "1"]

1. d4 d5 2. c4 dxc4 3. Nf3 a6 4. e3 b5 5. a4 Bb7 6. b3 cxb3 7. axb5 axb5 8. Rxa8 Bxa8 9. Bxb5+ Nd7 10. d5 Ngf6 11. Ne5 e6 12. dxe6 fxe6 13. Nxd7 Nxd7 14. Qh5+ g6 15. Qe5 Kf7 16. Bxd7 Qxd7 17. Qxh8 Bxg2 18. Qxh7+ Bg7 19. Bb2 1-0

[Event "Vlissingen HZ op 12th"]
[Site "Vlissingen"]
[Date "2008.08.03"]
[Round "3"]
[White "Sprangers, Remco"]
[Black "Di Berardino, Diego Rafael"]
[Result "0-1"]
[WhiteElo "2217"]
[BlackElo "2471"]
[PlyCount "90"]
[EventDate "2008.08.02"]
[EventType "swiss"]
[EventRounds "9"]
[EventCountry "NED"]
[SourceTitle "CBM 125 Extra"]
[Source "ChessBase"]
[SourceDate "2008.09.01"]
[SourceVersion "1"]
[SourceVersionDate "2008.09.01"]
[SourceQuality "1"]

1. e4 c5 2. c3 Nf6 3. e5 Nd5 4. d4 cxd4 5. Nf3 Nc6 6. cxd4 d6 7. Bc4 e6 8. 0-0 Be7 9. Qe2 0-0 10. Rd1 Bd7 11. Nc3 Nxc3 12. bxc3 Qc7 13. Bd3 dxe5 14. dxe5 Rfd8 15. Ng5 g6 16. Bf4 Be8 17. h4 Rd5 18. Bc4 Rxd1+ 19. Rxd1 Rd8 20. Rxd8 Bxd8 21. Nf3 Na5 22. Bb5 Bxb5 23. Qxb5 Qc6 24. Qb4 Qc7 25. Nd4 a6 26. Nf3 Be7 27. Qa4 b5 28. Qe4 Qb7 29. Qd4 Nc6 30. Qe3 h5 31. Bg5 Bxg5 32. Qxg5 Qc7 33. Qf4 Ne7 34. Ng5 Nd5 35. Qf3 Kg7 36. Kh1 Kg8 37. Kg1 a5 38. Kh1 a4 39. a3 Nb6 40. Qd3 Nc4 41. f4 Qe7 42. Qg3 Qxa3 43. f5 Qc1+ 44. Kh2 Ne3 45. Qf3 Ng4+ 0-1